Functional equations : history, applications, and theory

Αποθηκεύτηκε σε:
Λεπτομέρειες βιβλιογραφικής εγγραφής
Άλλοι συγγραφείς: Aczel, J. (Επιμελητής έκδοσης)
Μορφή: Βιβλίο
Γλώσσα:English
Δημοσίευση: Dordrecht ; Boston : Hingham, MA, U.S.A. : D. Reidel Pub. Co. ;, Sold and distributed in the U.S.A. and Canada by Kluwer Academic Publishers, c1984
Σειρά:Mathematics and its applications (D. Reidel publishing Company)
Θέματα:
Ετικέτες: Προσθήκη ετικέτας
Δεν υπάρχουν, Καταχωρήστε ετικέτα πρώτοι!

MARC

LEADER 00000nam a2200000 i 4500
001 1/83854
008 080506s1984 eng d
020 |a 1-4020-0329-3 
035 |l 10097038 
040 |a GR-MY-UA  |b gre  |e aacr 
041 0 |a eng 
082 0 |a 515.7  |2 (22) 
245 1 0 |a Functional equations :  |b history, applications, and theory /  |c edited by J. Aczel 
260 |a Dordrecht ; Boston :   |a Hingham, MA, U.S.A. :   |b D. Reidel Pub. Co. ;,   |b Sold and distributed in the U.S.A. and Canada by Kluwer Academic Publishers,   |c c1984 
300 |a ix, 244 σ.;  |b εικ.;  |c 23 εκ. 
490 1 |a Mathematics and its applications 
504 |a Περιέχει βιβλιογραφικές παραπομπές και ευρετήριο 
650 0 0 |a Functional equations. 
700 1 |a Aczel, J.  |4 edt 
830 0 |a Mathematics and its applications (D. Reidel publishing Company) 
852 |a INST  |b SAMOS  |e 20080506  |h 515.7 FUN  |p 005300030474  |q 005300030474  |t BK  |y 0 
901 |a BIBL3-2008-2 
909 |a Σ  |b 151812 
922 |a 3ΕΛΗ  |b 200803  |c ΕΠΕΑΕΚ2/ΤΜΗΜΑ ΜΑΘΗΜΑΤΙΚΩΝ  |d ΠΑΠΑΣΩΤΗΡΙΟΥ 
970 |a ΡΟΥΣΣΟΥ  |b ΚΩΝΣΤΑΝΤΙΝΑ  |z 2008/05/06